000 00720nam a2200217Ia 4500
003 GCL
008 140319s9999 xx 000 0 ara d
040 _aGCL /
_cGCL
082 0 4 _a935
_bم س
100 1 _aمحمد عبدالقادر محمد
245 1 0 _aالساميون فى العصور القديمة /
_cمحمد عبدالقادر محمد
300 _a286 ص
490 _aالهيئة العامة للاستعلامات
_v0
650 0 4 _aالبابليون
650 0 4 _aالاشوريون
650 0 4 _aحضارة العراق القديمة
650 0 4 _aالحيثيون
650 0 4 _aالعراق القديم - تاريخ
650 0 4 _aالشرق القديم - تاريخ
942 _2ddc
_cBK
999 _c49600
_d49600